[Event "Sparkassen-Open A"]
[Site "Heusenstamm, Martinsee"]
[Date "2019.11.24"]
[Round "7.56"]
[White "Minor, Viatcheslav"]
[Black "Browning, Rebecca"]
[Result "1-0"]
[WhiteElo "2060"]
[BlackElo "1895"]
[PlyCount "75"]
[EventDate "2019.??.??"]
[WhiteTeam "SV Eisenach"]
[BlackTeam "MS Halver-Schalksmühle"]

1. e4 e6 2. d3 d5 3. Nd2 c5 4. Ngf3 Nc6 5. g3 Bd6 6. Bg2 Nge7 7. O-O O-O 8. Re1
Ng6 9. c3 b6 10. exd5 exd5 11. Nf1 Bb7 12. a3 Qc7 13. Ne3 Nge7 14. Nh4 d4 15.
Nef5 Be5 16. c4 Ng6 17. Nxg6 fxg6 18. Bd5+ Kh8 19. Nh4 Nd8 20. Bxb7 Nxb7 21. f4
Bf6 22. Nf3 Rae8 23. Bd2 Re7 24. Rxe7 Qxe7 25. Qf1 Re8 26. Re1 Qd7 27. b4 Nd8
28. b5 Nf7 29. Kg2 Re7 30. h3 Qe8 31. a4 Kg8 32. g4 Rxe1 33. Qxe1 Qxe1 34. Bxe1
Kf8 35. Bg3 Nd6 36. f5 Ke7 37. fxg6 hxg6 38. g5 1-0

[Event "Sparkassen-Open A"]
[Site "Heusenstamm, Martinsee"]
[Date "2019.11.24"]
[Round "7.57"]
[White "Schmidbauer, Frank"]
[Black "Eurich, Jannik"]
[Result "0-1"]
[WhiteElo "2040"]
[BlackElo "1859"]
[PlyCount "98"]
[EventDate "2019.??.??"]
[WhiteTeam "SV Wollishofen Zürich"]
[BlackTeam "SK Langen"]

1. Nf3 Nf6 2. g3 e6 3. Bg2 Be7 4. O-O d5 5. c4 O-O 6. b3 b6 7. Bb2 Bb7 8. cxd5
Nxd5 9. d4 c5 10. dxc5 Bxc5 11. a3 Nd7 12. Nbd2 Rc8 13. e4 N5f6 14. b4 Be7 15.
Re1 b5 16. Qe2 a6 17. Rac1 Nb6 18. Nd4 Qd7 19. f4 Na4 20. Ba1 Rxc1 21. Rxc1 Rc8
22. N2b3 Rxc1+ 23. Nxc1 Qc8 24. Nc2 Nc3 25. Bxc3 Qxc3 26. e5 Nd5 27. Qd3 Qb2
28. Nb3 Bd8 29. h4 Bb6+ 30. Nc5 Bc6 31. Be4 h6 32. Nd4 Bxc5 33. bxc5 Qc1+ 34.
Kh2 Qxc5 35. Nxc6 Qxc6 36. f5 Qc3 37. fxe6 Qxd3 38. exf7+ Kxf7 39. Bxd3 Ke6 40.
a4 bxa4 41. Bxa6 a3 42. Bc4 Kxe5 43. Kh3 Nc3 44. Kg4 a2 45. Bxa2 Nxa2 46. Kh5
Kf6 47. g4 Nc3 48. g5+ hxg5 49. hxg5+ Kf5 0-1

[Event "Sparkassen-Open A"]
[Site "Heusenstamm, Martinsee"]
[Date "2019.11.24"]
[Round "7.59"]
[White "Riemann, Jonas"]
[Black "Artola Pola, Gerardo"]
[Result "1-0"]
[WhiteElo "1882"]
[BlackElo "2006"]
[PlyCount "67"]
[EventDate "2019.??.??"]
[WhiteTeam "SK Bickenbach"]
[BlackTeam "Frankfurter TV"]

1. e4 d6 2. d4 Nf6 3. Nc3 g6 4. f4 Bg7 5. Nf3 c5 6. Bc4 O-O 7. O-O cxd4 8. Qxd4
Nc6 9. Qd3 Ng4 10. h3 Qb6+ 11. Kh1 Nf2+ 12. Rxf2 Qxf2 13. Be3 Qg3 14. Ne2 Qxf3
15. gxf3 Bxb2 16. Rb1 Bg7 17. Kg2 Na5 18. Bd5 e6 19. Bb3 Nxb3 20. cxb3 Rd8 21.
Nc3 b6 22. Bd4 Bh6 23. Ne2 Bb7 24. Bf6 Rdc8 25. Qxd6 Rc2 26. Rb2 Bf8 27. Qd3
Rc5 28. Nc3 Rac8 29. Rd2 Ra5 30. Na4 b5 31. Bc3 b4 32. Bf6 h6 33. Bd8 Ra6 34.
Qd7 1-0

[Event "Sparkassen-Open A"]
[Site "Heusenstamm, Martinsee"]
[Date "2019.11.24"]
[Round "7.60"]
[White "Chassard, Cedric"]
[Black "Bashylina, Luisa"]
[Result "1-0"]
[WhiteElo "2037"]
[BlackElo "1868"]
[PlyCount "49"]
[EventDate "2019.??.??"]
[WhiteTeam "SV Riegelsberg"]
[BlackTeam "SG Solingen"]

1. e4 c5 2. Nf3 a6 3. g3 e6 4. Bg2 Nc6 5. O-O b5 6. d4 cxd4 7. Nxd4 Bb7 8. Re1
d6 9. Be3 Nf6 10. e5 Nd5 11. Bxd5 exd5 12. Nxc6 Bxc6 13. exd6 Kd7 14. Qg4+ Kxd6
15. Qf4+ Kd7 16. Qxf7+ Kc8 17. Bd4 Kb8 18. Re6 Bd6 19. Qxg7 Re8 20. Rxe8 Qxe8
21. Qh8 Kc7 22. Qxh7+ Bd7 23. Nc3 Qe6 24. Rd1 b4 25. Nxd5+ 1-0

[Event "Sparkassen-Open A"]
[Site "Heusenstamm, Martinsee"]
[Date "2019.11.24"]
[Round "7.61"]
[White "Weiss, Matthias"]
[Black "Nickel, Jonas"]
[Result "1-0"]
[WhiteElo "2036"]
[BlackElo "1765"]
[PlyCount "47"]
[EventDate "2019.??.??"]
[WhiteTeam "SF Schöneck"]
[BlackTeam "SV Büdingen-Ortenberg"]

1. e4 c5 2. Nf3 g6 3. c3 Bg7 4. d3 Nc6 5. g3 e6 6. Bg2 d5 7. Nbd2 Nf6 8. O-O
O-O 9. Re1 b5 10. e5 Nd7 11. d4 Qb6 12. Nf1 f6 13. exf6 Nxf6 14. dxc5 Qxc5 15.
Be3 Qd6 16. Bf4 Qc5 17. Ne5 Nh5 18. Be3 Qd6 19. Nxc6 Qxc6 20. Bd4 Bd7 21. Ne3
Nf6 22. Bxf6 Rxf6 23. Nxd5 Qc5 24. b4 1-0

[Event "Sparkassen-Open A"]
[Site "Heusenstamm, Martinsee"]
[Date "2019.11.24"]
[Round "7.62"]
[White "Syed, Tareq"]
[Black "Buchholz, Maja"]
[Result "1/2-1/2"]
[WhiteElo "2027"]
[BlackElo "1552"]
[PlyCount "53"]
[EventDate "2019.??.??"]
[WhiteTeam "SC Brett vorm Kopp"]
[BlackTeam "SK Langen"]

1. d3 g6 2. g3 Bg7 3. Bg2 e6 4. e4 Ne7 5. f4 d5 6. e5 c5 7. Nd2 Nbc6 8. Nh3 Nf5
9. Nf3 h5 10. O-O Bd7 11. Nhg5 Rb8 12. c4 Nce7 13. Re1 Qc7 14. cxd5 Nxd5 15.
Ne4 Bf8 16. h3 Be7 17. g4 hxg4 18. hxg4 Ng7 19. Kf2 Bb5 20. Rh1 Kd7 21. Nfg5
Bxg5 22. Nxg5 Ke7 23. Bxd5 exd5 24. b3 d4 25. Ba3 a5 26. Qe2 b6 27. Ne4 1/2-1/2

[Event "Sparkassen-Open A"]
[Site "Heusenstamm, Martinsee"]
[Date "2019.11.24"]
[Round "7.63"]
[White "Westhof, Benedikt"]
[Black "Altenbernd, Jannis-Domenik"]
[Result "0-1"]
[WhiteElo "1753"]
[BlackElo "2022"]
[PlyCount "98"]
[EventDate "2019.??.??"]
[WhiteTeam "SC Heusenstamm"]
[BlackTeam "SG Bünde"]

1. d4 d6 2. c4 e5 3. dxe5 dxe5 4. Qxd8+ Kxd8 5. Nc3 c6 6. Nf3 f6 7. e3 Be6 8.
b3 Nd7 9. Bb2 Nh6 10. O-O-O Kc7 11. Bd3 Be7 12. Bc2 a5 13. Nd2 Nc5 14. Nde4
Nxe4 15. Nxe4 a4 16. f4 exf4 17. exf4 axb3 18. axb3 Bg4 19. Rde1 Bb4 20. Bc3
Ba3+ 21. Bb2 Bxb2+ 22. Kxb2 Bf5 23. h3 Rhe8 24. g4 Bxe4 25. Rxe4 Rxe4 26. Bxe4
g6 27. Re1 Re8 28. Re2 c5 29. Bf3 Rxe2+ 30. Bxe2 Nf7 31. Bd3 Nd8 32. Kc3 Nc6
33. h4 Nd4 34. f5 gxf5 35. gxf5 Kd6 36. b4 b6 37. bxc5+ bxc5 38. Kd2 Ke5 39. h5
h6 40. Ke3 Nxf5+ 41. Kf3 Nd4+ 42. Ke3 f5 43. Bf1 f4+ 44. Kd3 f3 45. Ke3 Kf6 46.
Bd3 Kg5 47. Ke4 Kxh5 48. Kd5 Nb3 49. Ke4 Kg4 0-1

[Event "Sparkassen-Open A"]
[Site "Heusenstamm, Martinsee"]
[Date "2019.11.24"]
[Round "7.64"]
[White "Vlassis, Georgios"]
[Black "Welsch, Roland"]
[Result "1-0"]
[WhiteElo "2017"]
[BlackElo "1802"]
[PlyCount "95"]
[EventDate "2019.??.??"]
[WhiteTeam "SACH Thessaloniki"]
[BlackTeam "SV Multatuli Ingelheim e.V."]

1. Nf3 d5 2. d4 Nf6 3. e3 Bf5 4. c4 c6 5. Nc3 e6 6. Nh4 Bg6 7. Qb3 Qb6 8. Nxg6
hxg6 9. c5 Qc7 10. Bd2 Nbd7 11. f4 Be7 12. Bd3 Ng4 13. g3 f5 14. h3 O-O-O 15.
Ke2 Ngf6 16. Qa4 Kb8 17. b4 Ne4 18. Bxe4 fxe4 19. b5 g5 20. Rab1 Ka8 21. b6 Qb8
22. bxa7 Qxa7 23. Rb3 Nb8 24. fxg5 Bxg5 25. h4 Rd7 26. Qxa7+ Kxa7 27. Rf1 Bd8
28. Be1 g5 29. hxg5 Rh2+ 30. Rf2 Rxf2+ 31. Bxf2 Bxg5 32. Na4 Rg7 33. Nb6 Bf6
34. Kf1 e5 35. Kg2 exd4 36. exd4 Na6 37. Nc8+ Kb8 38. Nd6 Rd7 39. g4 Be7 40.
Bg3 Bxd6 41. Bxd6+ Kc8 42. Be5 Kd8 43. g5 Nc7 44. Rxb7 Ne6 45. Rxd7+ Kxd7 46.
g6 Ke8 47. a4 Kd8 48. a5 1-0

[Event "Sparkassen-Open A"]
[Site "Heusenstamm, Martinsee"]
[Date "2019.11.24"]
[Round "7.65"]
[White "Perez Valero, Rodrigo Gael"]
[Black "Kürschner, Matthias"]
[Result "0-1"]
[WhiteElo "1551"]
[BlackElo "1993"]
[PlyCount "40"]
[EventDate "2019.??.??"]
[WhiteTeam "VSG Offenbach"]
[BlackTeam "SK Langen"]

1. d4 Nf6 2. Nf3 d6 3. Bf4 g6 4. e3 Bg7 5. Nbd2 a5 6. Bd3 Nbd7 7. c3 c6 8. a4
O-O 9. O-O Re8 10. h3 e5 11. dxe5 dxe5 12. Bg5 h6 13. Bxf6 Nxf6 14. Bc2 b5 15.
Ne4 Nd5 16. Re1 Bf8 17. Qe2 Qb6 18. Red1 f5 19. Rxd5 cxd5 20. Nf6+ Qxf6 0-1

[Event "Sparkassen-Open A"]
[Site "Heusenstamm, Martinsee"]
[Date "2019.11.24"]
[Round "7.66"]
[White "Köllner, Christof"]
[Black "Halabi, Ibrahim"]
[Result "1-0"]
[WhiteElo "2088"]
[BlackElo "1869"]
[PlyCount "67"]
[EventDate "2019.??.??"]
[WhiteTeam "SV Bergneustadt/Derschlag"]
[BlackTeam "SK Frankenthal"]

1. d4 d5 2. Nf3 Nf6 3. e3 e6 4. Bd3 c5 5. c3 Nc6 6. Nbd2 Bd6 7. O-O O-O 8. dxc5
Bxc5 9. b4 Bd6 10. Bb2 e5 11. e4 dxe4 12. Nxe4 Nxe4 13. Bxe4 Qc7 14. Ng5 h6 15.
Qh5 Be7 16. h4 Bf6 17. Nh7 Rd8 18. Nxf6+ gxf6 19. Qxh6 f5 20. Qg5+ Kf8 21. Bxf5
Bxf5 22. Qxf5 Ne7 23. Qh7 Ng8 24. b5 Ke7 25. Ba3+ Ke6 26. g4 Ne7 27. Qh6+ Ng6
28. Qg5 Ne7 29. f4 Qb6+ 30. Kh1 f6 31. Qg7 Rd7 32. f5+ Kd5 33. Qf7+ Ke4 34.
Qc4+ 1-0

[Event "Sparkassen-Open A"]
[Site "Heusenstamm, Martinsee"]
[Date "2019.11.24"]
[Round "7.67"]
[White "Eg, Karlheinz"]
[Black "Burkhardt, Holger"]
[Result "1-0"]
[WhiteElo "1861"]
[BlackElo "2036"]
[PlyCount "89"]
[EventDate "2019.??.??"]
[WhiteTeam "SV Rüsselsheim"]
[BlackTeam "SK Gießen"]

1. e4 d6 2. d4 Nf6 3. Nc3 e5 4. Nf3 exd4 5. Nxd4 Be7 6. Be2 O-O 7. O-O Re8 8.
f4 Bf8 9. Bf3 c5 10. Nde2 Nc6 11. Be3 a6 12. h3 Bd7 13. a4 Nb4 14. Qd2 Bc6 15.
Rad1 Qc7 16. Ng3 Rad8 17. Qf2 b6 18. Bc1 Nd7 19. Kh1 Qb7 20. Nf5 Re6 21. Nd5
Na2 22. Qh4 Rde8 23. Bd2 a5 24. Nfe3 Nb4 25. c4 Bxa4 26. Ra1 Bc6 27. Bc3 Rxe4
28. Bxe4 Rxe4 29. Nf5 Nxd5 30. Nh6+ Kh8 31. Nxf7+ Kg8 32. cxd5 Bxd5 33. Ng5 h6
34. Nxe4 Bxe4 35. Rf2 d5 36. Be5 d4 37. Re1 d3 38. Bc3 c4 39. f5 Nc5 40. f6 d2
41. Rxd2 g5 42. Qg4 Bd3 43. Qd4 Kf7 44. Rxd3 cxd3 45. Qc4+ 1-0

[Event "Sparkassen-Open A"]
[Site "Heusenstamm, Martinsee"]
[Date "2019.11.24"]
[Round "7.68"]
[White "Bäumer, Frank"]
[Black "Woestmann, Ulrich"]
[Result "1-0"]
[WhiteElo "1865"]
[BlackElo "2014"]
[PlyCount "23"]
[EventDate "2019.??.??"]
[WhiteTeam "Gambit Gusenburg"]
[BlackTeam "SV Ahlen"]

1. e4 d6 2. d4 g6 3. Be2 Bg7 4. h4 h5 5. Nh3 Bxh3 6. Rxh3 c6 7. Nc3 Qc7 8. Bf4
Nd7 9. Qd2 O-O-O 10. Nb5 cxb5 11. Rc3 Nc5 12. Rxc5 1-0

[Event "Sparkassen-Open A"]
[Site "Heusenstamm, Martinsee"]
[Date "2019.11.24"]
[Round "7.69"]
[White "Altenbernd, Dirk"]
[Black "Weber, Jannis"]
[Result "1/2-1/2"]
[WhiteElo "1836"]
[BlackElo "1942"]
[PlyCount "80"]
[EventDate "2019.??.??"]
[WhiteTeam "SK Tönsberg Oerlinghausen"]
[BlackTeam "SV Hennef"]

1. c4 Nf6 2. g3 c6 3. Bg2 d5 4. Nf3 g6 5. b3 Qb6 6. Qc2 Bf5 7. d3 Bg7 8. Bb2
O-O 9. O-O Nbd7 10. Nbd2 Rfe8 11. e4 dxe4 12. dxe4 Nxe4 13. Bxg7 Nxd2 14. Qxd2
Kxg7 15. Nd4 Qc5 16. b4 Qe5 17. Rfe1 Qf6 18. b5 Rad8 19. bxc6 Ne5 20. Nxf5+
gxf5 21. Qa5 Nxc6 22. Bxc6 bxc6 23. Rad1 Rxd1 24. Rxd1 Qe6 25. Qxa7 Qxc4 26.
Qd7 Qe2 27. Rd2 Qe1+ 28. Kg2 Qe4+ 29. f3 Qe3 30. Rf2 Ra8 31. Qxf5 c5 32. Rc2 e6
33. Qg4+ Kh8 34. Qh5 Ra7 35. Rb2 Rd7 36. Rb8+ Kg7 37. Qg4+ Kf6 38. Qh4+ Kg7 39.
Qg4+ Kf6 40. Qh4+ Kg7 1/2-1/2

[Event "Sparkassen-Open A"]
[Site "Heusenstamm, Martinsee"]
[Date "2019.11.24"]
[Round "7.70"]
[White "Feicht, Arno"]
[Black "Rutsatz, Mario"]
[Result "0-1"]
[WhiteElo "1851"]
[BlackElo "1978"]
[PlyCount "112"]
[EventDate "2019.??.??"]
[WhiteTeam "SV Alsfeld"]
[BlackTeam "SF Frankfurt"]

1. e4 Nf6 2. e5 Nd5 3. d4 d6 4. c4 Nb6 5. exd6 exd6 6. Nc3 Be7 7. Bd3 Nc6 8.
Be3 O-O 9. b3 Bf6 10. Nge2 Bg4 11. Qd2 d5 12. c5 Nc8 13. O-O N8e7 14. h3 Bf5
15. g4 Bxd3 16. Qxd3 Qd7 17. g5 Qxh3 18. gxf6 Nf5 19. Nf4 Qg4+ 20. Kh2 Ncxd4
21. Nce2 Nf3+ 22. Kh1 Qh4+ 23. Kg2 Qg4+ 24. Ng3 g5 25. Rh1 N3h4+ 26. Kf1 Nxg3+
27. fxg3 Qf3+ 28. Bf2 Qxh1+ 29. Bg1 Qf3+ 30. Qxf3 Nxf3 31. Nxd5 Nxg1 32. Kxg1
c6 33. Ne7+ Kh8 34. Kg2 Rad8 35. Kf3 Rd4 36. Rh1 Rfd8 37. Nf5 g4+ 38. Ke3 R4d5
39. Nd6 R5xd6 40. cxd6 Rxd6 41. Rf1 h6 42. Ke4 Kh7 43. Kf5 h5 44. Re1 Rd5+ 45.
Kf4 Kg6 46. Re7 Rb5 47. Rd7 Kxf6 48. Rd6+ Ke7 49. Rh6 a5 50. Ke4 a4 51. Kf4
axb3 52. axb3 f6 53. Ke4 Ke6 54. Kd4 Rxb3 55. Rxh5 Rxg3 56. Kc5 Rh3 0-1

[Event "Sparkassen-Open A"]
[Site "Heusenstamm, Martinsee"]
[Date "2019.11.24"]
[Round "7.71"]
[White "Rieger, Mario"]
[Black "Papadopoulos, Ioannis"]
[Result "0-1"]
[WhiteElo "1849"]
[BlackElo "1944"]
[PlyCount "44"]
[EventDate "2019.??.??"]
[WhiteTeam "MS Halver-Schalksmühle"]
[BlackTeam "SV Oberursel"]

1. d4 Nf6 2. Nf3 e6 3. c4 b6 4. a3 Bb7 5. Nc3 Be7 6. e4 Nxe4 7. Nxe4 Bxe4 8.
Bf4 d6 9. Be2 Nd7 10. O-O O-O 11. Nd2 Bb7 12. Bd3 Bf6 13. Nb3 e5 14. Be3 exd4
15. Bxd4 Bxd4 16. Nxd4 Ne5 17. Re1 Qg5 18. Be4 Bxe4 19. Rxe4 Nxc4 20. Qe2 d5
21. Rg4 Qf6 22. Re1 h5 0-1

[Event "Sparkassen-Open A"]
[Site "Heusenstamm, Martinsee"]
[Date "2019.11.24"]
[Round "7.72"]
[White "Foerster-Yialamas, Lucas"]
[Black "Walbrecht, Quirin"]
[Result "1-0"]
[WhiteElo "1953"]
[BlackElo "1856"]
[PlyCount "107"]
[EventDate "2019.??.??"]
[WhiteTeam "Frankfurter TV"]
[BlackTeam "FC Bayern München"]

1. e4 c5 2. Nf3 e6 3. d4 cxd4 4. Nxd4 Nf6 5. Nc3 d6 6. Be2 a6 7. Be3 Be7 8. Qd2
Nbd7 9. O-O-O Qc7 10. g4 Ne5 11. f3 b5 12. g5 Nfd7 13. f4 Nc4 14. Bxc4 bxc4 15.
f5 Nc5 16. g6 hxg6 17. fxe6 Bxe6 18. Nxe6 fxe6 19. Qg2 O-O-O 20. Qg4 Rh4 21.
Qxg6 Bf6 22. e5 Bxe5 23. Bxc5 Qxc5 24. Qxe6+ Kb8 25. Nd5 c3 26. b4 Qc4 27. Kb1
a5 28. a3 axb4 29. Qe7 Rhh8 30. Nxb4 Rhe8 31. Qg5 Rd7 32. Rhg1 Rb7 33. Rg4
Rxb4+ 34. axb4 Qa6 35. Qc1 Re7 36. Rd5 Rb7 37. Qg5 Ka7 38. Qd8 Rb6 39. Qc7+ Rb7
40. Qa5 Bxh2 41. Qxa6+ Kxa6 42. Ka2 Be5 43. Kb3 Kb6 44. Rg6 Ka7 45. Ka4 Kb8 46.
Rb5 Kc7 47. Rxe5 dxe5 48. Rxg7+ Kc6 49. Rxb7 Kxb7 50. Kb3 Kc6 51. Kxc3 Kd5 52.
Kd2 Ke4 53. b5 Kd5 54. c4+ 1-0

[Event "Sparkassen-Open A"]
[Site "Heusenstamm, Martinsee"]
[Date "2019.11.24"]
[Round "7.73"]
[White "Mehlen, Theodor"]
[Black "Lehmann, Tim"]
[Result "1-0"]
[WhiteElo "1839"]
[BlackElo "1955"]
[PlyCount "53"]
[EventDate "2019.??.??"]
[WhiteTeam "SC Matt im Park"]
[BlackTeam "SV Lahn Limburg"]

1. e4 c5 2. Nc3 Nc6 3. f4 g6 4. Nf3 Bg7 5. Bb5 Nd4 6. O-O Nxb5 7. Nxb5 a6 8.
Nc3 b5 9. d3 Bb7 10. Qe1 d6 11. Bd2 b4 12. Nd1 a5 13. Rb1 e6 14. Ne3 Ne7 15. f5
Nc6 16. Ng4 h5 17. Ne3 Ne5 18. fxg6 fxg6 19. c3 Nxf3+ 20. Rxf3 g5 21. Qf2 Qe7
22. Rf1 Rf8 23. Nc4 Rxf3 24. Qxf3 g4 25. Qf4 e5 26. Qf5 Kd8 27. Bg5 1-0

[Event "Sparkassen-Open A"]
[Site "Heusenstamm, Martinsee"]
[Date "2019.11.24"]
[Round "7.74"]
[White "Voss, Georg"]
[Black "Wimmer, Thomas"]
[Result "1-0"]
[WhiteElo "1950"]
[BlackElo "1836"]
[PlyCount "59"]
[EventDate "2019.??.??"]
[WhiteTeam "SV Schmallenberg"]
[BlackTeam "SK Marburg"]

1. c4 Nf6 2. g3 g6 3. Bg2 Bg7 4. Nc3 O-O 5. e3 d6 6. Nge2 Nc6 7. a3 a6 8. Rb1
Rb8 9. b4 Ne5 10. d3 Bg4 11. f4 Bxe2 12. Nxe2 Ned7 13. O-O b5 14. h3 c5 15. g4
cxb4 16. Nd4 Qb6 17. Rxb4 d5 18. cxb5 a5 19. Rb1 Rfc8 20. g5 Nh5 21. Ne2 Rc5
22. a4 Rbc8 23. d4 Rc2 24. Bxd5 Rxe2 25. Qxe2 Ng3 26. Qg4 Nxf1 27. Qxd7 Rd8 28.
Qc6 Bxd4 29. Kxf1 Bxe3 30. Qxb6 1-0

[Event "Sparkassen-Open A"]
[Site "Heusenstamm, Martinsee"]
[Date "2019.11.24"]
[Round "7.75"]
[White "Valenta, Richard"]
[Black "Westendorp, Christian"]
[Result "1-0"]
[WhiteElo "1938"]
[BlackElo "1821"]
[PlyCount "79"]
[EventDate "2019.??.??"]
[WhiteTeam "SC Kevelaer"]
[BlackTeam "SK Holsterhausen"]

1. c4 Nf6 2. g3 g6 3. Bg2 Bg7 4. Nc3 O-O 5. d4 d6 6. Nf3 c5 7. O-O Na6 8. Bg5
h6 9. Bxf6 Bxf6 10. e3 Rb8 11. Nb5 Be6 12. Qe2 Nc7 13. Nxa7 Ra8 14. Nb5 Nxb5
15. cxb5 Bxa2 16. b4 Be6 17. Rxa8 Qxa8 18. bxc5 dxc5 19. dxc5 Rc8 20. Rc1 Qa3
21. Rd1 Qxc5 22. Nd2 Rd8 23. Bxb7 Qc2 24. Bf3 Qb2 25. Kg2 Rb8 26. Rb1 Bc4 27.
Qxc4 Qxd2 28. b6 Qd6 29. b7 Be5 30. Rb5 Kg7 31. h4 h5 32. Qe4 f6 33. Be2 Qc7
34. Bd3 f5 35. Qxe5+ Qxe5 36. Rxe5 Rxb7 37. Re6 Rd7 38. Bb5 Rd6 39. Rxd6 exd6
40. Kf3 1-0

[Event "Sparkassen-Open A"]
[Site "Heusenstamm, Martinsee"]
[Date "2019.11.24"]
[Round "7.76"]
[White "Lutterbach, Jakob"]
[Black "Engel, Jan"]
[Result "1/2-1/2"]
[WhiteElo "1707"]
[BlackElo "1919"]
[PlyCount "35"]
[EventDate "2019.??.??"]
[WhiteTeam "SK Bingen"]
[BlackTeam "Frankfurter TV"]

1. e4 c6 2. d4 d5 3. exd5 cxd5 4. Bd3 Nc6 5. c3 Qc7 6. Ne2 Bg4 7. O-O e6 8. Qe1
Nf6 9. f3 Bh5 10. Qh4 h6 11. Qh3 Bd6 12. g4 Bg6 13. Bxg6 fxg6 14. g5 Nh5 15.
Qxe6+ Kf8 16. f4 Qe7 17. Qxe7+ Kxe7 18. b3 1/2-1/2

[Event "Sparkassen-Open A"]
[Site "Heusenstamm, Martinsee"]
[Date "2019.11.24"]
[Round "7.77"]
[White "Stork, Christopher"]
[Black "Emig, Nils"]
[Result "1/2-1/2"]
[WhiteElo "1912"]
[BlackElo "1815"]
[PlyCount "76"]
[EventDate "2019.??.??"]
[WhiteTeam "SV Oberursel"]
[BlackTeam "SK Marburg"]

1. e4 c5 2. Nf3 e6 3. d4 cxd4 4. Nxd4 Nc6 5. Nc3 Qc7 6. Be3 a6 7. Qd2 Nf6 8. f3
Bb4 9. a3 Be7 10. O-O-O b5 11. g4 b4 12. axb4 Bxb4 13. Nxc6 Qxc6 14. Qd4 Be7
15. Be2 O-O 16. h4 Ne8 17. g5 Rb8 18. Bc4 Rb4 19. b3 Nc7 20. Na2 Rb8 21. h5 Nb5
22. Bxb5 Rxb5 23. h6 e5 24. Qd3 g6 25. Nc3 Ra5 26. Nd5 Bd8 27. Kb2 Rb5 28. Ra1
a5 29. Rh4 Ba6 30. c4 Rb8 31. Ka2 Re8 32. Bd2 Bb7 33. Rg1 Qa6 34. Rb1 Rc8 35.
Rc1 Qe6 36. Rg1 Ra8 37. Rg3 Qc6 38. Be3 Re6 1/2-1/2

[Event "Sparkassen-Open A"]
[Site "Heusenstamm, Martinsee"]
[Date "2019.11.24"]
[Round "7.78"]
[White "Schellenberger, Dirk"]
[Black "Schmitt, Carsten"]
[Result "0-1"]
[WhiteElo "1659"]
[BlackElo "1901"]
[PlyCount "50"]
[EventDate "2019.??.??"]
[WhiteTeam "Aschaffenburg-Schweinheim"]
[BlackTeam "SV Bergwinkel"]

1. c4 e6 2. Nc3 d5 3. e3 c5 4. d4 Nf6 5. Nf3 Nc6 6. Be2 cxd4 7. exd4 g6 8. O-O
Bg7 9. Re1 O-O 10. Bg5 h6 11. Bf4 a6 12. Rc1 dxc4 13. Bxc4 b5 14. Bb3 Nb4 15.
Qd2 Kh7 16. Nxb5 Nxa2 17. Bc7 Nxc1 18. Bxe6 Bxe6 19. Bxd8 Nb3 20. Qd1 axb5 21.
Be7 Rfe8 22. Ba3 Rac8 23. Ne5 Rc1 24. Qe2 Bc4 25. Qe3 Nd5 0-1

[Event "Sparkassen-Open A"]
[Site "Heusenstamm, Martinsee"]
[Date "2019.11.24"]
[Round "7.79"]
[White "Michels, Fabio"]
[Black "Atasoy, Tarik"]
[Result "1-0"]
[WhiteElo "1800"]
[BlackElo "1805"]
[PlyCount "97"]
[EventDate "2019.??.??"]
[WhiteTeam "SC ML Kastellaun"]
[BlackTeam "SV Letmathe"]

1. c4 e5 2. g3 Nc6 3. Bg2 Nf6 4. Nc3 d6 5. e3 Be7 6. Nge2 Bf5 7. d4 exd4 8.
exd4 O-O 9. a3 Qc8 10. O-O Bh3 11. Nf4 Bxg2 12. Kxg2 Re8 13. Nfd5 Nxd5 14. Nxd5
Bf8 15. Re1 Ne7 16. Nf4 Qd7 17. Be3 Nf5 18. Qf3 Nxe3+ 19. Rxe3 Rxe3 20. fxe3 c6
21. Rf1 Re8 22. e4 Qe7 23. Re1 Qg5 24. Re2 Qf6 25. Qe3 Qe7 26. e5 dxe5 27. dxe5
Qc5 28. e6 Qxe3 29. Rxe3 Bd6 30. Kf3 f6 31. Nd3 Kf8 32. c5 Bc7 33. b4 Ke7 34.
h3 Rd8 35. h4 Rd5 36. Nb2 Be5 37. Nd3 Kxe6 38. Nf4+ Kd7 39. Nxd5 cxd5 40. Rd3
Kc6 41. g4 b6 42. cxb6 axb6 43. a4 Kd6 44. Rb3 Bd4 45. a5 bxa5 46. bxa5 Kc7 47.
Rd3 Be5 48. Rxd5 Kc6 49. Rxe5 1-0

[Event "Sparkassen-Open A"]
[Site "Heusenstamm, Martinsee"]
[Date "2019.11.24"]
[Round "7.80"]
[White "Cors, Heinz-Friedrich"]
[Black "Michels, Holger"]
[Result "1/2-1/2"]
[WhiteElo "1893"]
[BlackElo "1798"]
[PlyCount "40"]
[EventDate "2019.??.??"]
[WhiteTeam "Schachforum Darmstadt"]
[BlackTeam "SC ML Kastellaun"]

1. c4 Nf6 2. Nc3 c5 3. g3 g6 4. Bg2 Bg7 5. e4 Nc6 6. Nge2 d6 7. a3 Rb8 8. O-O
Be6 9. d3 Qd7 10. Nf4 Nd4 11. Nxe6 fxe6 12. Rb1 b5 13. b4 bxc4 14. dxc4 O-O 15.
b5 Qc7 16. Ne2 Nd7 17. Nf4 e5 18. Nd5 Qd8 19. a4 e6 20. Ne3 h5 1/2-1/2

[Event "Sparkassen-Open A"]
[Site "Heusenstamm, Martinsee"]
[Date "2019.11.24"]
[Round "7.81"]
[White "Tietzen, Stefan"]
[Black "Lysakovskyi, Oleh"]
[Result "0-1"]
[WhiteElo "1875"]
[BlackElo "1559"]
[PlyCount "82"]
[EventDate "2019.??.??"]
[WhiteTeam "SK Gernsheim"]
[BlackTeam "SV Neu-Isenburg"]

1. e4 c5 2. Nf3 Nc6 3. d4 cxd4 4. Nxd4 e5 5. Nb5 d6 6. N1c3 a6 7. Na3 b5 8. Nd5
Nf6 9. Bg5 Be6 10. c3 Be7 11. Bxf6 gxf6 12. Nc2 f5 13. exf5 Bxf5 14. Nce3 Bg6
15. Qg4 Rg8 16. Bd3 h5 17. Qe2 e4 18. Bc2 Bg5 19. a4 b4 20. Nc4 f5 21. Rd1 Rb8
22. a5 Nxa5 23. Nxb4 Nxc4 24. Qxc4 Bf7 25. Qxa6 Rb6 26. Qe2 Be7 27. Nd5 Rb8 28.
O-O h4 29. Nf4 Qc7 30. f3 Bc4 31. Qf2 Bxf1 32. Qxf1 Rxb2 33. Ba4+ Kf7 34. fxe4
Qa7+ 35. Rd4 Bf6 36. Qc4+ Kf8 37. Qc8+ Kg7 38. Qc7+ Qxc7 39. Ne6+ Kh6 40. Nxc7
Bxd4+ 41. cxd4 Rgxg2+ 0-1

[Event "Sparkassen-Open A"]
[Site "Heusenstamm, Martinsee"]
[Date "2019.11.24"]
[Round "7.82"]
[White "Rabiya, Karim"]
[Black "Kleibel, Uwe"]
[Result "0-1"]
[WhiteElo "1816"]
[BlackElo "2193"]
[PlyCount "76"]
[EventDate "2019.??.??"]
[WhiteTeam "SK Niederbrechen"]
[BlackTeam "SF Sailauf"]

1. e4 c5 2. Nf3 Nc6 3. d4 cxd4 4. Nxd4 Nf6 5. Nc3 e5 6. Ndb5 d6 7. Bg5 a6 8.
Na3 b5 9. Nd5 Be7 10. Bxf6 Bxf6 11. c3 O-O 12. Be2 Bg5 13. Nc2 Rb8 14. O-O Kh8
15. Nce3 g6 16. g3 f5 17. f4 Bh6 18. Bd3 exf4 19. gxf4 fxe4 20. Bxe4 Be6 21.
Qe1 Qd7 22. Qh4 Qg7 23. Nc7 Qxc7 24. Qxh6 Ne7 25. Rf3 Qc5 26. Qg5 Nf5 27. Re1
Rbe8 28. Kh1 Bxa2 29. Ng4 Rxe4 30. Rxe4 Bd5 31. Nf6 Bxe4 32. Nxe4 Qd5 33. Rh3
Qxe4+ 34. Kg1 Qb1+ 35. Kf2 Qxb2+ 36. Kg1 Qc1+ 37. Kf2 Qd2+ 38. Kf1 Ne3+ 0-1

[Event "Sparkassen-Open A"]
[Site "Heusenstamm, Martinsee"]
[Date "2019.11.24"]
[Round "7.83"]
[White "Reinhard, Stefan"]
[Black "Schmitt, Clemens"]
[Result "0-1"]
[WhiteElo "1986"]
[BlackElo "1796"]
[PlyCount "93"]
[EventDate "2019.??.??"]
[WhiteTeam "SF Dettingen"]
[BlackTeam "SV Bergwinkel"]

1. e4 c5 2. Nf3 d6 3. d4 cxd4 4. Nxd4 Nf6 5. Nc3 a6 6. Be3 e6 7. f3 b5 8. Qd2
b4 9. Na4 Qa5 10. b3 Nbd7 11. Nc6 Qc7 12. Nxb4 d5 13. exd5 Bxb4 14. Qxb4 Nxd5
15. Qd2 Qe5 16. Rc1 Qxe3+ 17. Qxe3 Nxe3 18. Kf2 Nxf1 19. Rhxf1 Bb7 20. c4 Bc6
21. Nc3 O-O-O 22. Rc2 Nc5 23. Ke3 g5 24. Rb1 f5 25. b4 f4+ 26. Ke2 Nd3 27. b5
Bb7 28. Na4 Kc7 29. Rb3 Ne5 30. Nc5 Rd6 31. a4 a5 32. b6+ Kc6 33. Rb5 Nd7 34.
Nxb7 Kxb7 35. c5 Rc6 36. Kd3 Ka6 37. Kd4 Rhc8 38. Rc3 h6 39. h3 Rd8 40. Ke4
Rdc8 41. Kd4 Rf8 42. Rcb3 Rf5 43. b7 Rd5+ 44. Kc4 Rcxc5+ 45. Rxc5 Rxc5+ 46. Kd4
Rd5+ 47. Ke4 0-1